Представление документа в формате MARC21

Поле Инд. ПП Название Значение
Тип записи a
Библиографический уровень m
001 Контрольный номер f37cd914-6a5c-4102-b8d0-f399e2b825e5
005 Дата корректировки 20140226232706.2
008 Кодируемые данные 011128
020 a ISBN 5-9221-0058-0
c Цена, тираж 92.00
040 a Служба первич. каталог. НБ ТвГУ
041 a Код языка текста rus
080 a Индекс УДК 530.1(075.8)
a Индекс УДК 537.8:530.145(075.8)
084 a Индекс другой классификации/Индекс ББК В31я731-1
090 x Авторский знак Л22
a Полочн. индекс В31
100 1_ a Автор Ландау Лев Давидович
245 10 a Заглавие Теоретическая физика
n Номер части/ раздела Т. 4
p Название части/ раздела Квантовая электродинамика / В. Б. Берестецкий, Е. М. Лифшиц, Л. П. Питаевский; Под ред. Л. П. Питаевского
b Продолж. заглавия Учеб. пособие для студентов физ. спец. ун-тов : В 10 т.
c Ответственность Л. Д. Ландау и Е. М. Лифшиц
250 a Основные сведения об издании 4-е изд., испр.
260 0_ a Место издания Москва
b Издательство Физматлит
c Дата издания 2001
300 a Объем 719 с.
b Иллюстрации/ тип воспроизводства ил.
440 a Серия Теоретическая физика : В 10 т.
490 _0 v N тома Т. 4
504 a Библиография Предм. указ.: с.717-719.
583 a Действие Получение впервые 661 28.11.2001
k Исполнитель действия Дар РГГУ
583 a Действие Приписка 17 04.02.2008
k Исполнитель действия Взамен утраченных
650 a Основная рубрика Физика теоретическая
650 a Основная рубрика Электродинамика квантовая
x Основная подрубрика Учебники для вузов
653 a Ключевые слова Теоретическая физика
a Ключевые слова Квантовая электродинамика
a Ключевые слова Физика
700 1_ a Другие авторы Берестецкий Владимир Борисович
e Роль лиц авт.
700 1_ a Другие авторы Лифшиц Евгений Михайлович
e Роль лиц авт.
700 1_ a Другие авторы Питаевский Лев Петрович
e Роль лиц авт.
852 t Порядковый номер экземпляра 3
p Инвентарный номер 739143
p Инвентарный номер 739144
p Инвентарный номер 902537 220.00
863 t 00211133
888 a Бесплатные
930 a Новая/Ретро учебники
952 p 661.2001 92.00 1 739143
p 661.2001 92.00 1 739144
p 17.2008 220.00 1 902537
c Вид литературы К ру
954 a Дата поступления на обработку 20011130
999 a Подразделение 2 Фил3